Régimen de transplantes de órganos y materiales anatómicos: Ley 24.193 complementada con el decreto 773-93 y la resolución RNP 1000-93

保存先:
書誌詳細
フォーマット: 図書
言語:スペイン語
出版事項: Buenos Aires Astrea 1994
主題:
タグ: タグ追加
タグなし, このレコードへの初めてのタグを付けませんか!

MARC

LEADER 00000nam a2200000 a 4500
001 UCY2560
003 CL-VaPUC
008 941103e19940000AG |||||||||||||||||spa|d
082 0 4 |a 344.041  |b REG  |2 21 
245 1 0 |a Régimen de transplantes de órganos y materiales anatómicos: Ley 24.193 complementada con el decreto 773-93 y la resolución RNP 1000-93 
300 |a 159 p 
942 |c BK 
945 |d 19941103 00:00:00  |a aalvarez 
260 |a Buenos Aires  |b Astrea  |c 1994 
650 7 |a TRANSPLANTE  |2 CL-VaPUC  |9 256012 
583 |a last modification  |c 19941103 00:00:00  |k Rodrigo Vera 
999 |c 230933  |d 230931 
952 |0 0  |1 0  |4 0  |6 344_041000000000000_REG_1994  |7 0  |8 A  |9 233616  |a BIBDER  |b BIBDER  |d 2019-11-15  |i 3029433  |o 344.041 REG 1994  |p 3029433  |r 2023-01-25  |w 2019-11-15  |y BK  |k DER